| 000 | 00579nam a2200241Ia 4500 | ||
|---|---|---|---|
| 008 | 190123s9999 xx 000 0 und d | ||
| 020 | _a9780439050234 | ||
| 050 | _bS528 2002 | ||
| 100 | _aShannon, David | ||
| 245 | 0 | _aDuck on a bike / | |
| 245 | 0 | _cby David Shannon. | |
| 260 | _aNew York, New York : | ||
| 260 | _bScholastic, | ||
| 260 | _c2002 | ||
| 300 | _aunpaged : | ||
| 300 | _bcolored illustrations ; | ||
| 300 | _c28cm. | ||
| 500 | _a240L | ||
| 650 | _aBicycles and bicycling. | ||
| 650 | _aDomestic animals. | ||
| 650 | _aDucks. | ||
| 700 | _aTitle. | ||
| 999 |
_c361005 _d361005 |
||